000 00491cam a22001934a 4500
005 20250605164214.0
008 250528s ||||||||||||||||||||||||d
035 _a20401
020 _a394462823
040 _aGR-AtMCL
_bgre
_dGR-AtMCL
_eAACR2
245 1 _aParadise Now / Collective Creation of The Living Thetre
260 _bRandom House,
_c1971
300 _a156
700 1 _aBeck Julian
_96380
700 1 _aMalina Judith
_96381
942 _cBK
999 _c5510
_d5510